Normal view
MARC view
Entry Personal Name
001 - CONTROL NUMBER
- control field: 1237096
003 - CONTROL NUMBER IDENTIFIER
- control field: OSt
005 - DATE AND TIME OF LATEST TRANSACTION
- control field: 20260430150314.0
008 - FIXED-LENGTH DATA ELEMENTS
- fixed length control field: 260430|| aca||aabn | a|a d
040 ## - CATALOGING SOURCE
- Original cataloging agency: OSt
- Transcribing agency: OSt
100 ## - HEADING--PERSONAL NAME
- Personal name: Mukesh Kumar Au.; Yadav Sushil Gu
670 ## - SOURCE DATA FOUND
- Source citation: Work cat.: (OSt)1849464: Mukesh Kumar Au.; Yadav Sushil Gu., Analysis of Phase Portrait and Resonant Curva Due to Perturbations of Geo-Synchronous Satellite Including Earth’s Equatorial Ellipticity and Resistive Force, 2023
